Normal view MARC view

Entry Corporate Name

Number of records used in: 1

001 - CONTROL NUMBER

  • control field: 556906

003 - CONTROL NUMBER IDENTIFIER

  • control field: OSt

005 - DATE AND TIME OF LATEST TRANSACTION

  • control field: 20220930095045.0

008 - FIXED-LENGTH DATA ELEMENTS

  • fixed length control field: 220930|| aca||aabn | a|a d

040 ## - CATALOGING SOURCE

  • Original cataloging agency: OSt
  • Transcribing agency: OSt

110 ## - HEADING--CORPORATE NAME

  • Corporate name or jurisdiction name as entry element: दिल्ली विश्वविद्यालय. संगीत एवम् ललित कला संकाय. संगीत विभाग

670 ## - SOURCE DATA FOUND

  • Source citation: Work cat.: (OSt)888243: रेखा कुमारी, ले., शास्त्रीय एवं उपशास्त्रीय गायन की विविध विधाओं के प्रस्तुतिकरण में तबला संगति - बनारस घराने के विशेष संदर्भ में, रेखा कुमारी, 2019
Copyright @ Delhi University Library System